Desarrollo y formulación de estudios de impacto ambiental (Registro nro. 8346)

Detalles MARC
000 -CABECERA
Campo de control 00820nam a22002417a 4500
005 - FECHA Y HORA DE LA ULTIMA TRANSACCION
Campo de control 20160813020002.0
008 - ELEMENTOS DE LONGITUD FIJA—INFORMACION GENERAL
Campo de control 140404t2010 ck ad gr||| 0| 0 sspa|d
020 ## - ISBN
ISBN 9583370363
041 ## - IDIOMA
Código de idioma para texto/pista de sonido o título separado Español
044 ## - PAÍS DE PUBLICACIÓN
País de publicación Colombia
082 ## - NUMERO DE CLASIFICACION DECIMAL DEWEY
Número de clasificación 333.707
Número del ítem A71d
100 1# - ASIENTO PRINCIPAL--NOMBRE PERSONAL
Nombre personal Aristizábal Valencia, J. Álvaro
245 10 - MENCION DE TITULO
Título Desarrollo y formulación de estudios de impacto ambiental
Mención de responsabilidad J. Álvaro Aristizábal Valencia
260 3# - PUBLICACION, DISTRIBUCION, ETC. (PIE DE IMPRENTA)
Lugar de publicación, distribución, etc. Bogotá
Nombre del editor, distribuidor, etc. [?]
Fecha de publicación, distribución, etc. 2010
300 ## - DESCRIPCION FISICA
Extensión 548 p.
Otros detalles físicos il., tablas, gráficas
Dimensiones 24 cm
504 ## - NOTA DE BIBLIOGRAFIA, ETC.
Nota de bibliografía Incluye bibliografía (páginas 547 y 548)
650 #4 - ASIENTO SECUNDARIO DE MATERIA - TERMINO TEMATICO
Término temático o nombre geográfico como elemento de entrada Impacto ambiental
Subdivisión de forma Estudio
650 #4 - ASIENTO SECUNDARIO DE MATERIA - TERMINO TEMATICO
Término temático o nombre geográfico como elemento de entrada Medio ambiente
Subdivisión general Protección
650 #4 - ASIENTO SECUNDARIO DE MATERIA - TERMINO TEMATICO
Término temático o nombre geográfico como elemento de entrada Medio ambiente
Subdivisión general Prevención
650 #4 - ASIENTO SECUNDARIO DE MATERIA - TERMINO TEMATICO
Término temático o nombre geográfico como elemento de entrada Medio ambiente
Subdivisión general Riegos
700 1# - ASIENTO SECUNDARIO - NOMBRE PERSONAL
Nombre personal Manrique H., Humberto
942 ## - ELEMENTOS ADICIONALES (KOHA)
Sistema de clasificación Dewey Decimal Classification
Tipo de ítem Impreso
Koha issues (borrowed), all copies 1
Existencias
Withdrawn status Lost status Sistema de Clasificación Damaged status No para préstamo Colección Inventariado Ubicación Permanente Ubicación actual Fecha de adquisición Fuente de Valor Valor Total Checkouts Número topográfico Inventario / Código de Barras Date last seen Date checked out Ejemplar Price effective from Forma de adquisición Tipo de material
    Dewey Decimal Classification     General Inventariado 2017 Bogotá Bogotá 04/04/2014 Instituto 39000.00 1 LB-333.707 A71d 034549 06/09/2016 12/08/2016 Ej. 1 04/04/2014   Libro